000 00952nam a22002417a 4500
999 _c1544
_d1544
003 AR-CdUCM
008 190227b ||||| |||| 00| 0 spa d
040 _aMUNICIPALIDAD PROVINCIAL DEL CUSCO
_cBIBLIOTECA MUNICIPAL DEL CUSCO
_eeng
082 _23ed.
_a370 /
_bSE37
100 _aSelltiz, C.
_95805
245 _aMétodos de investigación en las relaciones sociales /
260 _aMadrid :
_bRialp,
_c1965.
300 _a663 páginas ;
_btablas,
_c24 cm.
505 _aContenido: El proceso de investigación -- Selección y formación de un problema de investigación -- Esquema de investigación -- Algunos problemas generales de medida -- Recogida de datos ...
650 _aCiencias sociales
_91096
650 _aMetodología
_92264
650 _aInvestigación
_91940
700 _aJahoda, M.
_95806
700 _aCook, S. W. (coautores)
_95807
700 _aRico Vercher, Manuel (traducción)
_95808
942 _2ddc
_cLIBROS
945 _aachl